| 000 | 00735nam a22002177a 4500 | ||
|---|---|---|---|
| 999 |
_c18025 _d18025 |
||
| 003 | AR-CdUCM | ||
| 008 | 190511b ||||| |||| 00| 0 spa d | ||
| 040 |
_aMUNICIPALIDAD PROVINCIAL DEL CUSCO _cBIBLIOTECA MUNICIPAL DEL CUSCO |
||
| 082 |
_22ed _a802,82 / _bC82 |
||
| 100 |
_aCasona, Alejandro _917523 |
||
| 245 | _aTeatro / | ||
| 260 |
_aBuenos Aires : _bLosada, _c1960. |
||
| 300 |
_a217 páginas ; _c20 cm. |
||
| 440 |
_aGran teatro del mundo _917284 |
||
| 505 | _aContenido: Prohibido suicidarse en primavera -- Siete gritos en el mar -- Corona de amor y muerte. | ||
| 650 |
_aTeatro argentina _938356 |
||
| 650 |
_aTres actos _938357 |
||
| 650 |
_aLiteratura argentina _984 |
||
| 942 |
_2ddc _cLIBROS |
||
| 945 |
_adavv _d2019-05-11 |
||